000 00865nam a22002777a 4500
003 CHAP
005 20220329135204.0
008 971013s r 00010 d
010 _a32344
011 _a33316
035 _a37431
040 _cCHAP
090 _aR-1560
100 0 0 _aNiederhauser, John S.
_981222
245 _aResistance of Solanum species to Phytophthora infestans in Mexico
500 _aSobretiro de : Phytopathology 43 (8) : 456-457, 1953
590 _aBATCH-UPD
_b10
_c20130110
_lUCH01
_h0325
590 _aBATCH-UPD
_b10
_c20130110
_lUCH01
_h1619
590 _aCONVERSION
_b10
_c20130109
_lUCH01
_h1318
650 1 4 _aPapa
_xVariedades resistentes a enfermedades.
_985301
650 1 4 _aPhytophthora infestans.
_987925
700 0 _aMills, W. R.
_975865
901 _aBK
942 _cREIMP
949 _aR-1560
_bBC
_cR
_d-85787
_eTS1
_i37431
_si
999 _c32344
_d32344